00649nam a2200145Ia 4500008004100000100002100041245009900062245011000161260004700271260000900318650002200327856006200349999001900411952007300430160809s9999 xx 000 0 und d aSchutz, Larry E. aTRAUMATIC BRAIN INJURY IN K-12 STUDENTS II:RESPONSE TO INSTRUCTION--WHEN WILL THEY EVER LEARN? cLarry E. Schutz, Elizabeth A. McNamara Casa Colina Rehabilitation Hospita, GiveBack, Inc. of Los Angeles. bInternational Journal of Special Education c2011 xSPECIAL EDUCATION uhttp://www.internationaljournalofspecialed.com/issues.php c300463d300463 001040aCLbCLd2016-08-09l0r2016-08-09 00:00:00w2016-08-09yFOJ